| 000 | 00949nam a2200313 a 4500 | ||
|---|---|---|---|
| 005 | 20200104041512.0 | ||
| 008 | 140220b1997 ck ||||| |||| 00| 0 spa d | ||
| 040 |
_aCO-BoIAVH _cCO-BoIAVH |
||
| 041 | _aspa | ||
| 044 | _ack | ||
| 090 |
_aLB _b00478 |
||
| 110 |
_bConvenio Municipio de Tumaco - Corporación Autónoma Regional de Nariño _97974 |
||
| 245 |
_aPlan de desarrollo agropecuario y pesquero _bmunicipio de Tumaco |
||
| 260 |
_aTumaco (Nariño) _bCORPONARIÐO _c1997 |
||
| 300 | _a135 | ||
| 650 |
_aUso del suelo _93216 |
||
| 650 |
_aCorporación Autónoma Regional _93798 |
||
| 650 |
_aGeología _943144 |
||
| 650 |
_aGeomorfología _943145 |
||
| 650 |
_aSuelos _9287 |
||
| 650 |
_aAgroecología _9230 |
||
| 650 |
_aHidrobiología _97977 |
||
| 650 |
_aVegetación _943148 |
||
| 650 |
_aFauna _943149 |
||
| 650 |
_aSilvicultura _943150 |
||
| 650 |
_aInventarios _992201 |
||
| 662 |
_aColombia _dTumaco _bNariño |
||
| 942 |
_cINFORME _2z |
||
| 999 |
_c497 _d497 |
||